| 000 | 00960nam a2200241Ia 4500 | ||
|---|---|---|---|
| 003 | OSt | ||
| 005 | 20220923223448.0 | ||
| 006 | a|||||r|||| 00| 0 | ||
| 007 | ta | ||
| 008 | 220922b |||||||| |||| 00| 0 urd d | ||
| 024 | _a216,592 | ||
| 037 | _cTextual | ||
| 040 |
_aARTS _cARTS _burd |
||
| 041 |
_2urd _aurd |
||
| 082 | _aO168,3NHAx, 152N7 | ||
| 100 | _aहैदर, क़़ुर्रतुल ऐन | ||
| 245 | 0 | _aतीन उपन्यास* अगले जन्म मोहे बिटिया न किजो,दिलरूबा,एक लड़की की जिन्दगी | |
| 246 | _aTīn upanyāsa: agale janma mohe biṭiyā n kijo,dilarūbā,ek laड़kī kī jindagī | ||
| 260 |
_aनई दिल्ली _b राजकमल _c1997 |
||
| 300 |
_a285पृ _ccm. |
||
| 942 |
_hO168,3NHAx, 152N7 _cTEXL _2CC |
||
| 999 |
_c365489 _d365489 |
||